01524naa a22003857a 4500001001000000003000900010005001700019007000300036008003400039040005400073041000900127072002000136090001800156100002100174100002000195100001500215100001600230100002000246100002100266111007800287245008500365246009300450246006100543260004000604500010900644650001000753650001500763650001400778650002200792773010600814909003600920942001400956999001900970952014900989BR8801239BR-BrBNA20240918175951.0ta230509b bl.||||| |||| 00| 0 por d aBR-BrBNAbporcBiblioteca Nacional de Agricultura a(Pt) aF30b0120bG514 aF30 BR88012391 aSilva, L.C.M. da1 aGuadagnin, J.P.1 aNuss, C.N.1 aSchmidt, E.1 aSimonetto, P.R.1 aCorrea, O. de O.1 a30. Reuniao Tecnica Anual do MilhocPorto Alegre, RS (Brazil)d6 Aug 19851 aAvaliacao preliminar de hibridos de milho no estado do Rio Grande do Sul 1984/851 a[Preliminary evalluation of maize hydrids in the state of the Rio Grande do Sul 1984/85]1 a[Proceedings of the 30th Maize Technical Annual Reunion]3 aPorto Alegre, RS (Brasil): c1985.  aAta da 30. Reuniao Tecnica Anual do Milho Porto Alegre, RS (Brasil): 1985. p. 164-181 (BR8801239-AM)F30  aMILHO aHIBRIDACAO aVARIEDADE aRIO GRANDE DO SUL0 tAta da 30. Reuniao Tecnica Anual do MilhowF30 BR8801239gPorto Alegre, RS (Brasil), 1985. p. 164-181 a202404bLuciac55dLucia Elande cAM2AGRIS c319025d319025 002AGRIS40708Acervo Gerala41918b41918cAgrobasel0o0120 BR8801219r2024-05-20t01yAM10d2024-04-11ePortaria Interministerial nÂș 164/94